00552cam a22002051 4500001001300000003000400013005001700017008004100034010001700075035002000092040002200112042001200134050001700146100002900163245004900192260005200241300001500293650002100308999001700329sa 68017120 DLC20260227112700.0930224m19659999ce 000 0 sino  asa 68017120  a(OCoLC)28001567 aDLCcICUdWUdDLC apremarc00aBJ1289b.S271 aSaranasekera, R.,d1904-10aDharma cariyāva /cĀr. Saraṇasēkara. a[Koḷamba] :bĂm. Ḍī. Gunasēna,c1965- av.c19 cm. 0aBuddhist ethics. c87524d87524